Reverse Dictionary #80 - Statistics

General Stats
  • This quiz has been taken 34 times
  • The average score is 13 of 25
Answer Stats
Definition First
Letter
Word % Correct
(of fruits, vegetables, seeds etc.) Ready for reaping or gathering; having attained perfection; mature. R Ripe
93%
A bird in the genus Meleagris with a fan-shaped tail and wattled neck, frequently eaten at holiday dinners in some western countries. T Turkey
93%
1. To want; to wish for earnestly.2. To want emotionally or sexually. D Desire
81%
A female pig. S Sow
74%
Showing a pink or red glow on the face caused by embarrassment, shame, shyness, love, etc. B Blushing
70%
To move (one's head) from side to side, especially to indicate refusal, reluctance or disapproval. S Shake
70%
A collection of sheets of paper bound together to hinge at one edge, containing printed or written material, pictures, etc. B Book
67%
A conception in the mind of something to be done; a plan for doing something, an intention. I Idea
67%
To keep up; to preserve; to uphold (a state, condition etc.). M Maintain
67%
A bar or frame by which two oxen or other draught animals are joined at their necks enabling them to pull a cart, plough, etc. Y Yoke
63%
(informal) Out of order; not working. K Kaput
59%
Agitated with strong winds and heavy rain. S Stormy
59%
A flat-bottomed vessel, of width similar to or greater than its height, used for storing or packing things, or for washing things in. T Tub
59%
1. Easily frightened; timid.2. Reserved; disinclined to familiar approach. S Shy
52%
Causing discomfort or distress, either physical or mental. P Painful
48%
Matured and smooth, and not acidic, harsh, or sharp. M Mellow
44%
Confused or perplexed. P Puzzled
44%
To protect an environment, heritage, etc. C Conserve
37%
To throw off ignited or incandescent particles. S Sparkle
37%
To declare with assurance or plainly and strongly; to state positively. A Assert
33%
Worldly, as opposed to spiritual. M Material
33%
To lie in wait for and attack from ambush. W Waylay
33%
Dirty or grimy, unwashed, unclean. G Grubby
22%
1. To transfer to the custody of, usually for sale, transport, or safekeeping.2. To entrust to the care of another. 3. To send to a final destination. C Consign
15%
Exhibiting attributes, qualities, or acts that are worthy of or receive honour, admiration, or distinction. G Glorious
4%
No matching quizzes found
Score Distribution
Percent of People with Each Score
Percentile by Number Answered
Your Score History
You have not taken this quiz